| 000 | 00606nam a22001577a 4500 | ||
|---|---|---|---|
| 003 | OSt | ||
| 005 | 20150924093824.0 | ||
| 008 | 150924b xxu||||| |||| 00| 0 eng d | ||
| 040 | _cRUA | ||
| 082 | _aAGR BUN 2012 B051 Or.1 | ||
| 100 |
_91233 _aBUN, RATANA. |
||
| 245 | _aEffect of weeds management on the yield of phkarumchek rice variety ឥទ្ធិពលនៃការគ្រប់គ្រងស្មៅចង្រៃទៅលើទិន្នផលពូជស្រូវផ្ការំចេក | ||
| 260 |
_aPhnom Penh _bRUA _c2012 |
||
| 300 |
_axii; 62p. _bill. _c29cm. |
||
| 942 |
_2ddc _cAGR |
||
| 999 |
_c1172 _d1172 |
||